Statistics for double england players

Click here to take the quiz!

General Stats

  • This quiz has been taken 9 times
  • The average score is 19 of 50

Answer Stats

Answer% Correct
Smith
100%
Lampard
86%
Jones
86%
Charlton
86%
Walker
71%
Banks
71%
Neville
71%
Richards
71%
Brown
71%
Johnson
57%
Anderson
57%
Ferdinand
57%
Robson
57%
Allen
57%
Campbell
57%
Stevens
57%
Thomas
57%
Ball
57%
Cole
57%
Clarke
43%
Lee
43%
Shaw
43%
Phillips
43%
Hill
43%
Thompson
43%
Barnes
43%
Matthews
43%
Richardson
29%
Parker
29%
Watson
29%
Williams
29%
Dixon
29%
Gray
14%
Armstrong
14%
Clough
14%
Flowers
14%
Hunt
14%
Howe
14%
Hughes
14%
Pearson
0%
Francis
0%
Mills
0%
Cooper
0%
Osman
0%
Byrne
0%
Taylor
0%
Bentley
0%
Beattie
0%
Bailey
0%
Kennedy
0%

Score Distribution

Percentile by Number Answered

Percent of People with Each Score

Your Score History

You have not taken this quiz